000 00946nam a2200205Ii 4500
003 JO-AjNU
008 230605s9999||||xx |||||||||||||| ||und||
017 _a2010/10/3950
040 _aJO-AjNU
_bara
_erda
_cJO-AjNU
041 _aara
050 1 4 _aHQ1121.T32 2010
100 3 _aمؤتمن، منى م. مشارك: نائل هندي،حسين صالح،روان معايطة؛الاشراف:اسمى خضر,
_eauthor
_933618
245 0 0 _aتدقيق واقع إدماج النوع الاجتماعي في القطاع العام في الأردن : دراسة كمية، نوعية 
264 3 1 _aعمان: اللجنة الوطنية الاردنية لشؤون المرأة؛2010
300 _a247ص
_bيحتوي على ملاحق من ص 241-247ص
336 _atext
_btxt
_2rdacontent
337 _aunmediated
_bn
_2rdamedia
338 _avolume
_bnc
_2rdacarrier
650 4 _aالمراة-احوال اجتماعية-الاردن
_933619
999 _aA13702
_c17270
_d17270